000 00357nam a2200169Ia 4500
003 IT-RoPAU
008 120407s9999 xx 000 0 und d
040 _aIT-RoPAU
040 _cIT-RoPAU
245 _aIl Papa. I mille giorni di Wojtyla
245 _cAA.VV.
250 _aMilano
260 _aMondadori
300 _c cm
490 _v1
942 _cBK
999 _c8489
_d8489